| 000 | 01341nam a2200325 c 4500 | ||
|---|---|---|---|
| 003 | BLK | ||
| 005 | 20180420222603.0 | ||
| 008 | 180408b bul|||||r ||||||| ||bul|| | ||
| 010 | _aKNG00060370000 | ||
| 040 | _aBLK | ||
| 041 |
_aBUL _cBUL |
||
| 080 |
_aВъзпитание. Образование. Просвета. Организация на свободното време. Вж и 003;021. 3;159. 9;612;613;727 _b37 _x(497.2) _z37(497.2) |
||
| 080 |
_aНаука. Наукознание. Организация на умствения труд _b001 _x(497.2) _z001(497.2) |
||
| 139 |
_aБяла книга за българското образование и наука _bБ 99 |
||
| 245 | 1 | 0 |
_aБяла книга за българското образование и наука _bСб. материали |
| 257 | _aBGR | ||
| 260 |
_аСофия _bУнив. изд. Св. Климент Охридски _c1992 |
||
| 300 |
_a350 с. _c24 см |
||
| 380 | _a3 | ||
| 650 | 4 |
_aОбразование и просвета - България _9262383 |
|
| 650 | 4 |
_aНаука - България _9286848 |
|
| 651 | 4 |
_aБългария _9241624 |
|
| 653 | _aобразование | ||
| 653 | _aнаука | ||
| 852 | _aЦб ІІ 7790 | ||
| 856 | 4 |
_qpdf _u |
|
| 856 | 4 |
_qpdf _u |
|
| 942 |
_cKNG _n0 |
||
| 944 |
_aCR _c13.06.2004 _kЧиталня |
||
| 944 |
_aED _c07.08.2015 _k |
||
| 999 |
_c56390 _d56390 |
||